| 000 | 00563nam a2200205 i 4500 | ||
|---|---|---|---|
| 001 | bgj | ||
| 100 | 1 | _aBULLA, Gisela | |
| 245 | 1 | 0 |
_aDie kluge Ratte : _bPorträt eines Aussenseiters / _cGisella Bulla. |
| 260 |
_aReinbek bei Hamburg : _bWunderlich, _c1986. |
||
| 300 |
_a223 S. : _bIll. ; _c24 cm. |
||
| 504 | _aBibliographie S. 220-222. | ||
| 505 | _aRegister. | ||
| 650 | 9 |
_aRatte (Gatung) _xVolksglaube |
|
| 020 | _a3805204248 | ||
| 040 | _cBPK | ||
| 041 | 0 | _ager | |
| 920 | _a3-8052-0424-8 | ||
| 942 | _cKS | ||
| 008 | s gw f |000 0 ger | ||
| 999 |
_c50561 _d50561 |
||
| 856 |
_uhttp://koha.tu.koszalin.pl/cgi-bin/koha/opac-detail.pl?biblionumber=50561 _yKatalog online BPK |
||